Work culture transformation straw to gold - the modern hero's journey /

Bibliographic Details
Main Author: Lotze, Evie.
Corporate Author: ProQuest (Firm)
Format: Electronic eBook
Language:English
Published: Munchen : Saur, 2004.
Subjects:
Online Access:Click to View
LEADER 01322nam a2200385 a 4500
001 EBC370764
003 MiAaPQ
005 20200520144314.0
006 m o d |
007 cr cn|||||||||
008 041027s2004 gw sb 001 0 eng d
010 |z  2004303764 
016 7 |z 966437764  |2 GyFmDB 
020 |z 3598116373 (hd. bd.) 
035 |a (MiAaPQ)EBC370764 
035 |a (Au-PeEL)EBL370764 
035 |a (CaPaEBR)ebr10256607 
035 |a (CaONFJC)MIL340334 
035 |a (OCoLC)62763206 
040 |a MiAaPQ  |c MiAaPQ  |d MiAaPQ 
050 4 |a HD58.7  |b .L68 2004 
072 7 |a HD  |2 lcco 
072 7 |a BF  |2 lcco 
082 0 4 |a 658.4/06  |2 22 
100 1 |a Lotze, Evie. 
245 1 0 |a Work culture transformation  |h [electronic resource] :  |b straw to gold - the modern hero's journey /  |c Evie Lotze. 
260 |a Munchen :  |b Saur,  |c 2004. 
300 |a x, 193 p. 
504 |a Includes bibliographical references and index. 
533 |a Electronic reproduction. Ann Arbor, MI : ProQuest, 2015. Available via World Wide Web. Access may be limited to ProQuest affiliated libraries. 
650 0 |a Corporate culture. 
650 0 |a Organizational change. 
655 4 |a Electronic books. 
710 2 |a ProQuest (Firm) 
856 4 0 |u https://ebookcentral.proquest.com/lib/matrademy/detail.action?docID=370764  |z Click to View